Statistics for Biggest U.S. Cities within 50 Kilometers on a Map

Click here to take the quiz!

General Stats

  • This quiz has been taken 377 times
    (368 since last reset)
  • The average score is 190 of 861

Answers on the Map

Answers color-coded by a green-red scale on the quiz's map according to % correct below.
Loading ...
 

Answer Stats

StatePopulationCity% Correct
CA3,979,576Los Angeles
93%
NY8,336,817New York
92%
TX1,343,573Dallas
90%
WA753,675Seattle
90%
FL467,963Miami
88%
TX2,320,268Houston
88%
CA1,423,851San Diego
87%
IL2,693,976Chicago
87%
HI345,064Honolulu
87%
CA881,549San Francisco
87%
NM12,919Las Vegas
86%
NV651,319Las Vegas
86%
ME66,215Portland
86%
OR657,100Portland
86%
DC705,749Washington, D.C.
86%
MA692,600Boston
85%
TX978,908Austin
85%
MN25,233Austin
85%
PA1,584,064Philadelphia
84%
MS7,078Philadelphia
84%
CO727,211Denver
84%
AZ1,680,992Phoenix
84%
MI670,031Detroit
83%
MS160,628Jackson
83%
TN67,191Jackson
83%
UT200,567Salt Lake City
83%
WY10,559Jackson
83%
LA390,144New Orleans
83%
MI32,440Jackson
83%
GA506,811Atlanta
83%
TX1,547,253San Antonio
82%
IN876,384Indianapolis
82%
FL911,507Jacksonville
82%
NC72,436Jacksonville
82%
IL18,603Jacksonville
82%
CA1,021,795San Jose
82%
FL287,442Orlando
81%
CA513,624Sacramento
81%
OK655,057Oklahoma City
81%
MO495,327Kansas City
81%
ID228,959Boise
80%
GA195,769Columbus
80%
NE23,468Columbus
80%
OH898,553Columbus
80%
TX681,728El Paso
80%
TN670,820Nashville
80%
PA300,286Pittsburgh
79%
TX909,585Fort Worth
79%
AK288,000Anchorage
79%
AK31,974Juneau
79%
MN429,606Minneapolis
79%
FL399,700Tampa
79%
TN651,073Memphis
78%
MD593,490Baltimore
78%
NC885,708Charlotte
78%
WI590,157Milwaukee
78%
NC474,069Raleigh
77%
NY255,284Buffalo
77%
IA214,237Des Moines
77%
WY4,575Buffalo
77%
OH381,009Cleveland
76%
IL114,230Springfield
76%
CO1,375Springfield
76%
MA153,606Springfield
76%
MO167,882Springfield
76%
GA72,130Albany
75%
NY96,460Albany
75%
IN35,342Richmond
75%
FL194,500Tallahassee
75%
VA230,436Richmond
75%
NM560,513Albuquerque
75%
LA220,236Baton Rouge
74%
AZ548,073Tucson
74%
SC137,566Charleston
74%
WV46,536Charleston
74%
NV255,601Reno
74%
IL20,117Charleston
74%
OH303,940Cincinnati
73%
AR197,312Little Rock
73%
NE289,102Lincoln
72%
KY617,638Louisville
72%
ME4,862Lincoln
72%
MO300,576Saint Louis
71%
AL209,403Birmingham
71%
NE478,192Omaha
71%
CO478,221Colorado Springs
70%
OK401,190Tulsa
70%
TX104,683Wichita Falls
70%
KS389,938Wichita
70%
ND73,529Bismarck
69%
WI259,680Madison
69%
VA449,974Virginia Beach
69%
RI179,883Providence
67%
GA144,464Savannah
67%
OR167,400Salem
66%
NM84,683Santa Fe
66%
SD183,793Sioux Falls
65%
MI201,013Grand Rapids
65%
NY205,695Rochester
65%
MN118,935Rochester
65%
AL198,525Montgomery
65%
FL24,118Key West
65%
AK30,917Fairbanks
64%
OH140,407Dayton
64%
KS125,310Topeka
64%
WY64,235Cheyenne
64%
CA531,576Fresno
63%
GA197,888Augusta
62%
MO123,195Columbia
62%
MS5,837Columbia
62%
SC131,674Columbia
62%
MT33,124Helena
62%
NH32,191Dover
61%
DE38,166Dover
61%
NE10,115Lexington
61%
AL188,720Mobile
61%
WA222,081Spokane
61%
KY323,152Lexington
61%
ND124,662Fargo
60%
MI118,210Lansing
60%
TX326,586Corpus Christi
59%
WI104,578Green Bay
59%
OH272,779Toledo
58%
NY142,327Syracuse
56%
TN187,603Knoxville
56%
PA95,508Erie
56%
PA49,271Harrisburg
56%
SD13,867Pierre
55%
NH112,673Manchester
55%
MT109,577Billings
54%
IN270,402Fort Wayne
54%
MT1,893Baker
53%
MN85,618Duluth
53%
TN182,799Chattanooga
52%
UT116,618Provo
52%
TX199,371Amarillo
52%
CA384,145Bakersfield
51%
NC296,710Greensboro
51%
NC123,744Wilmington
50%
LA187,112Shreveport
50%
TX182,781Brownsville
50%
IA24,713Burlington
50%
VT42,819Burlington
50%
IL197,757Aurora
50%
IA133,562Cedar Rapids
48%
OR171,210Eugene
48%
TX5,890Lubbock
48%
CT144,399Bridgeport
48%
NC211,657Fayetteville
47%
IN102,026South Bend
47%
AR87,590Fayetteville
47%
MI119,980Ann Arbor
46%
AZ75,038Flagstaff
45%
TX12,753Athens
45%
TX262,491Laredo
45%
GA126,913Athens
45%
IA6,526Atlantic
44%
IA82,651Sioux City
44%
LA126,185Lafayette
44%
PA76,653Scranton
44%
IN71,721Lafayette
44%
CA312,697Stockton
43%
FL52,975Pensacola
43%
MT75,516Missoula
43%
AL200,574Huntsville
43%
AK4,467Barrow
42%
TX139,236Waco
42%
TX143,268McAllen
42%
GA153,159Macon
42%
OR91,385Bend
42%
ID62,888Idaho Falls
41%
MI95,538Flint
41%
CO170,243Fort Collins
41%
MA185,428Worcester
41%
UT89,587Saint George
40%
PA121,442Allentown
40%
WY57,931Casper
40%
ME32,262Bangor
40%
NC93,400Greenville
39%
SC70,635Greenville
39%
UT87,773Ogden
39%
MS29,085Greenville
39%
TX146,038Midland
39%
AK3,870Nome
39%
AL7,395Greenville
39%
AZ98,285Yuma
38%
FL133,997Gainesville
38%
CO3,479Yuma
38%
IL110,417Peoria
38%
NM103,432Las Cruces
38%
NC92,870Asheville
38%
SD77,503Rapid City
38%
AL101,129Tuscaloosa
38%
NJ37,743Atlantic City
37%
IN117,979Evansville
37%
FL194,495Cape Coral
36%
WI99,944Kenosha
36%
NE24,449Norfolk
35%
IA101,590Davenport
35%
CA92,590Redding
35%
VA99,143Roanoke
35%
TX36,317Texarkana
35%
FL201,846Port Saint Lucie
34%
CO112,361Pueblo
34%
IL145,609Rockford
34%
MT49,831Bozeman
33%
MT1,406Eureka
33%
MI76,200Kalamazoo
33%
KS2,346Eureka
33%
OH65,469Youngstown
33%
ND55,839Grand Forks
33%
CA26,710Eureka
33%
SC34,695Myrtle Beach
32%
OR10,285Newport
32%
CO63,597Grand Junction
32%
FL34,667Panama City
31%
LA46,180Alexandria
31%
MN13,822Alexandria
31%
NY30,837Ithaca
31%
TX123,420Abilene
31%
MS71,705Gulfport
31%
FL111,955West Palm Beach
31%
WV45,110Huntington
30%
VA47,266Charlottesville
30%
TN158,146Clarksville
30%
KS46,550Salina
29%
MT58,434Great Falls
29%
TX116,825Beaumont
29%
IL77,330Bloomington
29%
FL112,136Lakeland
29%
AR87,891Fort Smith
29%
NM47,551Roswell
29%
IN85,755Bloomington
29%
MI13,420Sault Sainte Marie
28%
WI68,802Eau Claire
28%
MT34,207Butte
28%
WA32,900Walla Walla
28%
WY32,711Laramie
27%
KY70,543Bowling Green
27%
NM2,636Santa Rosa
27%
CA157,601Lancaster
27%
WA93,637Yakima
27%
NY59,750Utica
27%
CA176,753Santa Rosa
27%
NV20,452Elko
27%
ID56,637Pocatello
27%
IA57,882Dubuque
27%
CA208,881Oxnard
27%
TX106,985Tyler
26%
MI20,995Marquette
26%
GA36,716Rome
26%
TX151,666Killeen
26%
LA47,294Monroe
26%
WV30,549Morgantown
26%
AK8,493Sitka
25%
TX117,911College Station
25%
IL88,909Champaign
25%
SD28,257Aberdeen
25%
WA92,314Bellingham
25%
OH50,315Newark
25%
ID50,197Twin Falls
25%
CA155,465Salinas
25%
CA107,263Santa Maria
25%
WA16,756Aberdeen
25%
AZ55,865Lake Havasu City
24%
FL60,786Ocala
24%
MO50,925Joplin
24%
LA78,396Lake Charles
24%
GA56,457Valdosta
24%
OH20,158Portsmouth
24%
CO7,401Aspen
23%
NM44,372Farmington
23%
TN66,906Johnson City
23%
WI4,282Medford
23%
OR81,465Medford
23%
CA103,301Chico
23%
WV26,430Wheeling
23%
MO19,113Farmington
23%
MD72,244Frederick
23%
ND47,382Minot
23%
NY44,399Binghamton
23%
AK5,813Kodiak
23%
CA175,742Oceanside
22%
MN68,462Saint Cloud
22%
NE51,267Grand Island
22%
MI15,738Traverse City
22%
MO74,875Saint Joseph
21%
NE7,846York
21%
PA42,160State College
21%
MS28,122Oxford
21%
MS45,863Hattiesburg
21%
NY24,838Watertown
20%
KS27,104Dodge City
20%
SC38,531Florence
20%
SD22,174Watertown
20%
AR13,080Harrison
20%
OR8,850Florence
20%
NY30,515Poughkeepsie
20%
AL40,797Florence
20%
AK8,284Ketchikan
20%
AR78,394Jonesboro
19%
WA84,347Kennewick
19%
NY29,058Jamestown
19%
MS21,653Vicksburg
19%
UT51,542Logan
19%
IA67,328Waterloo
19%
ND15,084Jamestown
19%
TX101,004San Angelo
19%
WI51,227La Crosse
19%
IL70,746Decatur
19%
VA82,168Lynchburg
18%
PA43,364Altoona
18%
FL115,552Palm Bay
18%
CA134,605Visalia
18%
TX66,916Victoria
18%
AK6,586Bethel
18%
AL68,941Dothan
18%
MS36,347Meridian
18%
OK17,235Ada
18%
WI47,965Sheboygan
18%
TX24,847Paris
17%
CA83,676Merced
17%
FL8,581Marathon
17%
NH10,122Berlin
17%
TX81,631Longview
17%
SD3,502Hot Springs
17%
IN60,622Terre Haute
17%
IN67,999Muncie
17%
AR38,797Hot Springs
17%
WA38,440Longview
17%
MS38,312Tupelo
17%
OH36,659Lima
17%
WV29,306Parkersburg
16%
VA40,044Danville
16%
IL30,479Danville
16%
AR41,474Pine Bluff
16%
VA28,078Winchester
16%
MD32,935Salisbury
16%
MT4,898Hamilton
16%
WI38,561Wausau
16%
MD19,284Cumberland
16%
WI64,575Janesville
15%
LA32,696Houma
15%
FL46,580Titusville
15%
KY24,865Paducah
15%
UT3,185Beaver
15%
OK49,688Enid
15%
UT5,336Moab
15%
TX17,535Bay City
15%
CA44,079El Centro
15%
NE26,383Fremont
15%
OK93,025Lawton
15%
SD1,081Gettysburg
15%
GA15,881Dublin
15%
NM29,810Carlsbad
15%
NH10,252Conway
15%
MI36,565Muskegon
15%
OR6,690Astoria
15%
MI28,749Port Huron
15%
TX35,760Del Rio
14%
CO18,973Durango
14%
NV19,726Mesquite
14%
CA67,010Yuba City
14%
MO40,559Cape Girardeau
14%
WA3,880Forks
14%
WA20,229Port Angeles
14%
VA53,016Harrisonburg
14%
CA91,765Indio
14%
MT24,565Kalispell
14%
WY11,641Evanston
14%
WY32,030Gillette
14%
WY9,788Cody
13%
IL39,949Quincy
13%
WI7,843Ashland
13%
VT15,074Rutland
13%
NV3,993Ely
13%
CT38,768Norwich
13%
NC53,922Rocky Mount
13%
FL6,317Islamorada
12%
FL12,352Lake City
12%
NH13,651Lebanon
12%
CA6,787Crescent City
12%
CA7,518Yreka
12%
SC8,742Georgetown
12%
NM8,942Grants
12%
TX1,135Rocksprings
12%
NM5,929Taos
12%
AK4,432Unalaska
12%
NM38,319Clovis
12%
IN58,020Kokomo
12%
WY17,940Sheridan
12%
AK3,855Valdez
12%
MN15,434Bemidji
12%
CO14,495Sterling
12%
WY22,653Rock Springs
12%
NJ59,439Vineland
12%
MI7,754Houghton
12%
NE33,867Kearney
12%
WA34,506Pullman
12%
MO14,798Lebanon
12%
MT3,322Glasgow
12%
NM21,493Gallup
12%
ND29,033Williston
12%
OR14,820The Dalles
11%
IL14,723Mount Vernon
11%
AZ43,045Sierra Vista
11%
IL25,083Carbondale
11%
AK5,922Homer
11%
PA28,186Williamsport
11%
AL17,231Selma
11%
MI9,956Alpena
11%
OR22,000Klamath Falls
11%
MN5,333Morris
11%
FL89,800Palm Coast
11%
MN13,487Marshall
11%
OK50,299Stillwater
11%
NC19,667Boone
11%
TN10,484Martin
10%
AK7,807Kenai
10%
IA26,931Mason City
10%
AZ16,193Douglas
10%
NC41,171Hickory
10%
KY30,289Elizabethtown
10%
WY6,364Douglas
10%
AZ20,103Nogales
10%
MN42,931Mankato
10%
LA21,437Hammond
10%
WA34,360Wenatchee
10%
AL18,957Troy
10%
WV2,655Petersburg
10%
MS14,615Natchez
10%
NM5,753Truth or Consequences
9%
NC29,994New Bern
9%
NV7,754Winnemucca
9%
AZ7,529Page
9%
UT34,764Cedar City
9%
NM39,141Hobbs
9%
NE14,556Scottsbluff
9%
AZ40,884Bullhead City
9%
SD24,415Brookings
9%
AK2,360Dillingham
9%
NH22,786Keene
9%
CO13,214Steamboat Springs
9%
MT8,264Miles City
9%
LA4,624Mansfield
9%
AL35,000Gadsden
9%
SC39,642Sumter
9%
NE23,639North Platte
9%
OH46,599Mansfield
9%
MS25,653Starkville
9%
OR16,700Coos Bay
9%
WY3,397Newcastle
9%
ND23,133Dickinson
9%
WY1,615Saratoga
9%
TX15,978Mount Pleasant
9%
CO2,479Telluride
8%
UT10,438Vernal
8%
AK2,796Seward
8%
MI12,160Escanaba
8%
CA15,010Susanville
8%
OR4,935Tillamook
8%
TX29,684Eagle Pass
8%
TN30,193Morristown
8%
KS26,408Garden City
8%
NM31,980Alamogordo
8%
KS24,598Emporia
8%
FL6,879Perry
8%
MI7,309Iron Mountain
8%
VA5,346Emporia
8%
CA19,682Blythe
8%
KS19,174Liberal
8%
NV4,273West Wendover
8%
IL8,213Chester
8%
AR17,651El Dorado
8%
ME9,007Presque Isle
8%
SD15,679Mitchell
8%
MT9,791Havre
8%
AZ46,515Prescott Valley
8%
WV15,940Beckley
8%
MI4,870Ironwood
7%
OH41,225Findlay
7%
KS40,383Hutchinson
7%
OR9,965Baker City
7%
OR2,835Burns
7%
MT5,801Lewistown
7%
MI10,497Cadillac
7%
AK3,246Kotzebue
7%
AZ9,338Winslow
7%
AZ11,442Show Low
7%
ID8,931Sandpoint
7%
UT4,931Kanab
7%
SD13,380Huron
7%
AR12,569Mountain Home
7%
KS20,744Hays
7%
FL70,724North Port
7%
NY17,236Oswego
7%
ID14,562Mountain Home
7%
MT1,376West Yellowstone
7%
MN13,983Hutchinson
7%
TX91,079Conroe
7%
CO19,782Montrose
7%
OR24,890Roseburg
7%
IA24,368Ottumwa
6%
FL25,274Crestview
6%
OK1,085Boise City
6%
UT8,332Price
6%
TX35,021Lufkin
6%
TX8,421Fort Stockton
6%
SC12,654Orangeburg
6%
CO8,736Cortez
6%
TX5,982Alpine
6%
CO6,640Gunnison
6%
CA28,973Ridgecrest
6%
KS1,758Elkhart
6%
CO16,725Cañon City
6%
AR9,372Monticello
6%
NM9,386Silver City
6%
WV9,629Bluefield
6%
MO9,705Chillicothe
6%
GA18,518Thomasville
6%
VA18,873Culpeper
6%
WA24,086Moses Lake
6%
OH21,722Chillicothe
6%
IA23,888Fort Dodge
6%
ME7,165Rockland
6%
CA7,291Fort Bragg
6%
MI5,756Petoskey
6%
ND7,320Devils Lake
6%
LA1,047Natchitoches
6%
ND1,252Rolla
6%
MO21,629Sedalia
6%
CO8,200Trinidad
6%
TX7,551Jasper
6%
NV1,252Wells
6%
OK24,698Ardmore
6%
MO20,431Rolla
6%
MN15,855Hibbing
6%
UT7,888Richfield
6%
TX5,115Post
6%
CA15,995Ukiah
6%
WA4,778Omak
6%
CO9,930Glenwood Springs
6%
MI2,203Munising
6%
SD11,756Spearfish
6%
WY10,772Riverton
6%
MN13,434Brainerd
6%
NY10,200Massena
6%
NE2,706Valentine
6%
CO1,952Limon
6%
NE2,055Imperial
6%
OK37,113Muskogee
6%
IL4,254Pittsfield
6%
GA12,081Bainbridge
6%
IL15,115Dixon
6%
IN15,724Jasper
6%
KY11,585Somerset
6%
AK2,502Wrangell
6%
NE8,092Alliance
5%
TN34,706Cookeville
5%
MI8,108Ludington
5%
VA7,846Farmville
5%
KY19,327Murray
5%
AK1,262Craig
5%
WA1,066Republic
5%
ME5,752Houlton
5%
IA10,952Spencer
5%
PA21,143Chambersburg
5%
WI7,642Rhinelander
5%
NM2,398Lordsburg
5%
KY7,562Morehead
5%
NY13,437Olean
5%
NY13,437Oneonta
5%
CO11,463Fort Morgan
5%
NV1,076Caliente
5%
AZ7,347Globe
5%
NC7,333Kill Devil Hills
5%
OR13,290La Grande
5%
MI1,250Ontonagon
5%
ID3,169Salmon
5%
TX1,222Pecos
5%
UT3,602Delta
5%
NM13,880Deming
5%
MO11,599Maryville
5%
MO8,261Nevada
5%
ND1,043Beach
5%
CO9,591Alamosa
5%
MT2,779Libby
5%
ND2,051Lisbon
5%
NE1,807Superior
5%
CO6,082Salida
5%
CO9,022Craig
5%
IN16,862Vincennes
5%
MO16,937Poplar Bluff
5%
WA1,675Oroville
5%
CO2,085Pagosa Springs
5%
SD14,687Yankton
5%
TX14,511Rio Grande City
5%
IL17,413Macomb
5%
MI10,363Big Rapids
5%
TX28,187Big Spring
5%
AK2,169Cordova
5%
WY2,749Kemmerer
5%
FL5,803Marianna
5%
PA12,260Saint Marys
5%
MT4,910Glendive
5%
NM8,348Socorro
5%
IA26,666Marshalltown
5%
NC17,751Elizabeth City
5%
NM4,867Tucumcari
5%
WY8,510Rawlins
5%
IL30,197Galesburg
5%
VT8,528Barre
5%
MO17,602Kirksville
5%
TX2,786Sonora
4%
NE6,115Sidney
4%
CO3,029Walsenburg
4%
KS2,722Norton
4%
ID3,597McCall
4%
ND2,677Stanley
4%
WY1,526Lusk
4%
VA4,349South Hill
4%
TX1,870Van Horn
4%
NE4,497Ogallala
4%
WA4,832Colville
4%
KY4,860Hazard
4%
WA1,654Ritzville
4%
WV3,807Lewisburg
4%
MN2,672Roseau
4%
CA3,747Bishop
4%
SD1,334Miller
4%
MT5,060Polson
4%
NY5,200Saranac Lake
4%
FL3,567Port Saint Joe
4%
SD1,258Platte
4%
MT6,173Sidney
4%
OH16,634Defiance
4%
ND6,323Valley City
4%
SC23,403Greenwood
4%
TN16,314Dyersburg
4%
MN13,099Worthington
4%
CA8,235Mammoth Lakes
4%
NY10,436Ogdensburg
4%
OK17,814McAlester
4%
MN9,288Detroit Lakes
4%
TX8,310Dalhart
4%
PA12,655Meadville
4%
CO7,655Lamar
4%
AL16,034Cullman
4%
KY18,621Madisonville
4%
TN13,769McMinnville
4%
MN19,869Willmar
4%
GA16,838Tifton
4%
MN13,794Fergus Falls
4%
MS13,561Greenwood
4%
CO6,881La Junta
4%
KY6,551Pikeville
4%
GA33,273Hinesville
4%
OK10,996Guymon
4%
GA32,954Statesboro
4%
IA7,576Decorah
4%
KY8,728Maysville
4%
TX27,220Lake Jackson
4%
MS14,472Corinth
4%
NE7,292Nebraska City
4%
IA9,833Carroll
4%
MS14,894Clarksdale
4%
ND2,590Rugby
3%
CA2,563Alturas
3%
MO13,615Moberly
3%
MI2,653Rogers City
3%
TX2,404Junction
3%
AR13,820Forrest City
3%
PA2,404Coudersport
3%
MI2,723East Tawas
3%
GA13,480Waycross
3%
MT3,061Cut Bank
3%
ID3,237Grangeville
3%
PA3,227Wellsboro
3%
LA11,504Bogalusa
3%
OK11,577Elk City
3%
MS3,153Lucedale
3%
ID3,099Orofino
3%
MI2,939Manistique
3%
TX2,699Canadian
3%
TX6,385Crockett
3%
OK12,121Woodward
3%
NE12,279Beatrice
3%
MO12,304West Plains
3%
MT2,730Wolf Point
3%
TX12,793Beeville
3%
MS13,013McComb
3%
TX13,827Dumas
3%
AZ15,813Payson
3%
TX14,109Andrews
3%
TX20,143Plainview
3%
ME1,447Baileyville
3%
MS1,424Centreville
3%
TX18,455Brownwood
3%
MI1,397Newberry
3%
WI18,471Marshfield
3%
WI1,281Grantsburg
3%
AK1,227Hooper Bay
3%
ND1,599Bowman
3%
TX23,754Kerrville
3%
TX25,315Kingsville
3%
MN25,704Owatonna
3%
AR29,175Russellville
3%
WA1,048Grand Coulee
3%
OK36,144Bartlesville
3%
MN1,020Baudette
3%
NE1,521Gordon
3%
TX1,625Presidio
3%
MT2,303Red Lodge
3%
TX16,001Uvalde
3%
OR2,300Lakeview
3%
MT2,246Colstrip
3%
AL14,317Alexander City
3%
ND2,154Bottineau
3%
KS14,974Great Bend
3%
AR11,467Magnolia
3%
MO1,889Piedmont
3%
NM1,650Hatch
3%
WY1,871Pinedale
3%
MT1,861Malta
3%
NV1,828Lovelock
3%
WY1,753Wright
3%
OR1,735John Day
3%
MT1,732Plentywood
3%
TX17,730Palestine
3%
KY11,482Campbellsville
3%
MI2,829Iron River
3%
MT1,014Browning
3%
KS5,370Colby
3%
MN4,105Wadena
3%
IA5,445Centerville
3%
ND4,157Grafton
3%
MN10,030Fairmont
3%
KS4,987Concordia
3%
MT4,301Dillon
3%
TX9,436Hondo
3%
NE5,412Chadron
3%
KS4,406Goodland
3%
TX9,147Lamesa
3%
KY9,084Middlesboro
3%
MS4,541Wiggins
3%
IA7,713Creston
3%
ME4,037Dover-Foxcroft
3%
MN8,828Thief River Falls
3%
ID8,689Hailey
3%
NM7,901Ruidoso
3%
AL8,680Andalusia
3%
VA5,132Big Stone Gap
3%
AZ8,092Wickenburg
3%
MN5,043Montevideo
3%
TX8,512Perryton
3%
WI8,509Rice Lake
3%
AR8,490Stuttgart
3%
NY8,302Hornell
3%
WY5,024Worland
3%
MS4,097Magee
3%
AZ9,983Safford
3%
IA10,322Storm Lake
3%
UT3,633Blanding
3%
SD3,444Mobridge
3%
WY3,462Wheatland
3%
NE3,497Broken Bow
3%
AR10,878Batesville
3%
AZ3,533Willcox
3%
MS6,720Kosciusko
3%
TX10,855Pleasanton
3%
WV6,990Elkins
3%
AR5,490Mena
3%
UT7,308Ephraim
3%
LA10,588DeRidder
3%
MN4,963Redwood Falls
3%
AL5,718Monroeville
3%
WI10,539Marinette
3%
GA10,402Vidalia
3%
ME3,856Fort Kent
3%
TX10,469Sweetwater
3%
MT3,788Hardin
3%
WI5,572Prairie du Chien
3%
ID1,091Challis
2%
ND1,285Crosby
2%
ND1,752Langdon
2%
TX5,019Muleshoe
2%
KS6,496Pratt
2%
TX6,048Childress
2%
SD1,726Webster
2%
VA1,372Exmore
2%
ND1,144Killdeer
2%
IA5,397Algona
2%
MT1,701Big Timber
2%
TX17,068Pampa
2%
OR1,295Heppner
2%
MT1,427Thompson Falls
2%
ND1,646Harvey
2%
AL6,612Demopolis
2%
OK18,673Durant
2%
NE7,560McCook
2%
OK18,338Altus
2%
KS1,523Meade
2%
TX5,302Brady
2%
IA5,366Clarinda
2%
TX7,816Monahans
2%
TX7,158Crystal City
2%
TX21,247Stephenville
2%
MT1,432Fort Benton
2%
TX3,367Big Lake
2%
ND1,980Carrington
2%
WI2,230Park Falls
2%
TX3,642Ballinger
2%
ID3,023Soda Springs
2%
AL11,709Eufaula
2%
TX3,682Crane
2%
NE3,579O'Neill
2%
TX10,323Vernon
2%
NE4,117Falls City
2%
MN4,235Park Rapids
2%
AZ4,941Eagar
2%
NE2,373Kimball
2%
SD2,366Chamberlain
2%
CO2,263Rangely
2%
CO2,252Meeker
2%
OK12,017Weatherford
2%
LA4,550Winnsboro
2%
CO2,208Holyoke
2%
TX11,023Snyder
2%
MT1,850Roundup
2%
GA8,336Toccoa
2%
CA1,930Portola
2%
TX8,622Graham
2%
CA3,274Mount Shasta
2%
WY2,041Afton
2%
MI2,050West Branch
2%
TX10,609Pearsall
2%
MO4,690Mountain Grove
2%
NV3,241Yerington
2%
GA15,108Americus
2%
WY2,070Lyman
2%
KS2,070Anthony
2%
AR4,794Crossett
2%
IN5,842Rensselaer
1%
SD1,052De Smet
1%
SD3,103Milbank
1%
ND3,139Beulah
1%
OK6,843Idabel
1%
OK4,953Alva
1%
ND1,155Hettinger
1%
SD2,824Winner
1%
OK23,660Ponca City
1%
KS5,604Ulysses
1%
KS3,748Scott City
1%
TX2,550Seymour
1%
KS1,303Ness City
1%
SD1,346Eagle Butte
1%
SD2,273Redfield
1%
NE2,076Ord
1%
NE1,620Ainsworth
1%
MN7,916Saint Francis
1%
SD2,398Sisseton
1%

Score Distribution

Percentile by Number Answered

Percent of People with Each Score

Your Score History

You have not taken this quiz since the last reset